| 000 | 01529cam a2200397 i 4500 | ||
|---|---|---|---|
| 001 | 64352 | ||
| 003 | Mx-PuUPA | ||
| 005 | 20240410104105.0 | ||
| 006 | m o d | ||
| 007 | cr ||||||||||| | ||
| 008 | 160328t20152015mx a ob 000 0 spa d | ||
| 020 |
_a9786078348824 _q(Bonilla Artigas Editores) |
||
| 020 |
_a6078348825 _q(Bonilla Artigas Editores) |
||
| 020 |
_a9786070267659 _q(UNAM) |
||
| 020 |
_a6070267656 _q(UNAM) |
||
| 035 | _a(OCoLC)945684980 | ||
| 040 |
_aMx-PuUPA _bspa _erda _cMx-PuUPA _dMx-PuUPA |
||
| 041 | 0 |
_aspa _heng |
|
| 100 | 1 |
_aLittlewood, Michael, _eautor _912073 |
|
| 240 | 1 |
_aLandscape detailing. _nVolume 2. _pSurfaces. _lEspañol |
|
| 245 | 1 | 0 |
_aDiseño urbano. _n2. _pPavimentos, rampas, escaleras y márgenes / _cMichael Littlewood ; versión castellana de Santi Castán |
| 264 | 1 |
_aMéxico : _bEdiciones G. Gili, _c1994 |
|
| 300 |
_a213 páginas : _bilustraciones, planos, diagramas ; _c30 cm |
||
| 336 |
_atext _btxt _2rdacontent |
||
| 337 |
_asin medio _bn _2rdamedia |
||
| 338 |
_avolumen _bnc _2rdacarrier |
||
| 490 | 0 | _aDetalles | |
| 650 | 7 |
_2armarc _aCercas _xDiseño y construcción |
|
| 650 | 7 |
_2Jardines _xDiseño y construcción |
|
| 650 | 7 |
_2Muros _xDiseño y construcción |
|
| 700 | 1 |
_aCastán, Santi, _etraductor |
|
| 765 | 0 | 8 |
_aLittlewood, Michael, _b3a edition _d[Lugar de publicación no identificada]: Butterwoth-Heinemann, 1993 _tLandscape detailing. Volume 2. Surfaces. |
| 942 |
_2ddc _cLI _h717 _iL775 |
||
| 999 |
_c64352 _d64352 |
||